00349 a2200109 4500001000900000005001700009008004100026245006000067100002100127773007400148999001700222ART_931320260410161846.0260409a 10aLa filosofía de "El Capital" en el centenario de Marx1 aRoces, Wenceslao0 tEl trimestre económicog- Vol. L, Nº 200 (oct./dic. 1983)wREV6933 c24548d24548